| 000 | 00678nam a22002297a 4500 | ||
|---|---|---|---|
| 003 | UA-OsUOA | ||
| 001 | 28806 | ||
| 007 | ta | ||
| 008 | 20050506b un ||||| |||| 00| 0 ukr d | ||
| 090 |
_a94(47+57) _bК78 |
||
| 942 | _cBK | ||
| 040 |
_aUA-OsUOA _brus _cUA-OsUOA _dUA-OsUOA |
||
| 245 |
_aС древнейших времен до великой октябрьской социалистической революции _cРед. Н. Е.Носов Р. Ш.Ганелин и др. |
||
| 300 | _a455 с. | ||
| 955 | _a0 | ||
| 041 | _arus | ||
| 080 | _a94(47+57) | ||
| 044 | _aRU | ||
| 250 | _n3-е изд., перераб. и доп. | ||
| 650 | 7 | _2UDC | |
| 999 |
_c315179 _d315179 |
||